CULTURAL ANTROPOLOGY: APPRECIATING CULTURAL DIVERSITY (Record no. 216490)

MARC details
000 -LEADER
fixed length control field 00500nam a22001697a 4500
008 - FIXED-LENGTH DATA ELEMENTS--GENERAL INFORMATION
fixed length control field 260121b |||||||| |||| 00| 0 eng d
022 ## - INTERNATIONAL STANDARD SERIAL NUMBER
International Standard Serial Number 978-0-07-786153-7
050 ## - LIBRARY OF CONGRESS CALL NUMBER
Classification number GN 316 .K68 2015
100 ## - MAIN ENTRY--PERSONAL NAME
Personal name KOTTAK, CONROD PHILLIP
245 ## - TITLE STATEMENT
Title CULTURAL ANTROPOLOGY: APPRECIATING CULTURAL DIVERSITY
250 ## - EDITION STATEMENT
Edition statement 16TH
260 ## - PUBLICATION, DISTRIBUTION, ETC.
Place of publication, distribution, etc. NEW YORK
Name of publisher, distributor, etc. McGRAW-HILL EDUCATION
Date of publication, distribution, etc. 2015
300 ## - PHYSICAL DESCRIPTION
Extent XXV,355P.
500 ## - GENERAL NOTE
General note INCLUDES BIBLIOGRAPHIC REFERENCES AND INDEX
942 ## - ADDED ENTRY ELEMENTS (KOHA)
Source of classification or shelving scheme Library of Congress Classification
Koha item type Long Loan Book
Holdings
Withdrawn status Lost status Source of classification or shelving scheme Damaged status Not for loan Collection Home library Current library Shelving location Date acquired Inventory number Total checkouts Full call number Barcode Date last seen Copy number Price effective from Koha item type
    Library of Congress Classification     Arts & Social Sciences Kisii University Library Kisii University Library On Display 01/21/2026 72496   GN 316 .K68 2015 000000018998 01/21/2026 6 01/21/2026 Long Loan Book